Die Dresdner Philharmonie: eine Chronik des Orchesters 1870-1970
Gespeichert in:
| 1. Verfasser: | |
|---|---|
| Format: | Buch |
| Sprache: | Deutsch |
| Veröffentlicht: |
Leipzig
VEB Deutscher
1970
|
| Schlagworte: | |
| Tags: |
Tag hinzufügen
Keine Tags, Fügen Sie den ersten Tag hinzu!
|
MARC
| LEADER | 00000nam a2200000 a 4500 | ||
|---|---|---|---|
| 001 | UCN2715 | ||
| 003 | CL-VaPUC | ||
| 008 | 010531e19700000GW |||||||||||||||||ger|d | ||
| 082 | 0 | 4 | |a 784.0943 |b HAR |2 21 |
| 100 | 0 | |a Härtwig, Dieter |e author |9 458855 | |
| 245 | 1 | 4 | |a Die Dresdner Philharmonie: eine Chronik des Orchesters 1870-1970 |
| 300 | |a 273 p | ||
| 942 | |c BK | ||
| 945 | |d 20010531 00:00:00 |a crobeson | ||
| 260 | |a Leipzig |b VEB Deutscher |c 1970 | ||
| 650 | 0 | |a Orquesta |9 458833 | |
| 650 | 7 | |a MUSICA HISTORIA 1870-1970 |2 CL-VaPUC |9 458856 | |
| 650 | 0 | |a Música orquestal |9 306546 | |
| 650 | 0 | |a Música instrumental |9 375235 | |
| 651 | 0 | |a Alemania |9 255688 | |
| 583 | |a last modification |c 20010531 00:00:00 |k Rodrigo Vera | ||
| 999 | |c 295770 |d 295768 | ||